<?xml version="1.0" encoding="UTF-8"?>
<marc:record xmlns:marc="http://www.loc.gov/MARC21/slim">
   <marc:leader>00000nam a2200000 a 4500</marc:leader>
   <marc:datafield ind1="1" ind2=" " tag="100">
      <marc:subfield code="a">Lindgren, Astrid</marc:subfield>
      <marc:subfield code="4">aut</marc:subfield>
      <marc:subfield code="e">Verfasser/-in</marc:subfield>
   </marc:datafield>
   <marc:datafield ind1="1" ind2=" " tag="100">
      <marc:subfield code="a">Danielsson, Tage</marc:subfield>
      <marc:subfield code="4">drt</marc:subfield>
      <marc:subfield code="e">Regisseur/-in</marc:subfield>
   </marc:datafield>
   <marc:datafield ind1=" " ind2=" " tag="653">
      <marc:subfield code="a">DVD</marc:subfield>
   </marc:datafield>
   <marc:datafield ind1=" " ind2=" " tag="653">
      <marc:subfield code="a">Kinderfilm</marc:subfield>
   </marc:datafield>
   <marc:datafield ind1="0" ind2="0" tag="245">
      <marc:subfield code="a">Ronja Räubertochter</marc:subfield>
   </marc:datafield>
   <marc:datafield ind1=" " ind2="1" tag="264">
      <marc:subfield code="a">München</marc:subfield>
      <marc:subfield code="b">Universum Film</marc:subfield>
      <marc:subfield code="c">1984</marc:subfield>
   </marc:datafield>
   <marc:datafield ind1="1" ind2=" " tag="520">
      <marc:subfield code="a">Im tiefen Wald, inmitten von Rumpelwichten, Graugnomen und Wilddruden, wächst Ronja auf, die Tochter von Räuberhauptmann Mattis. &lt;br/&gt;Auf einem ihrer Streifzüge durch den Wald trifft Ronja eines Tages den gleichaltrigen Birk, Sohn von Borka, dem Erzfeind der Mattisräuber. Zwischen den beiden Kindern entwickelt sich nach anfänglichem Zögern eine tiefe Freundschaft, die sogar den harten Winter übersteht. Gegen den Willen der Familien lernen sie gemeinsam das Leben im Wald und seine Geheimnisse kennen. Ist ihre Freundschaft stark genug, auch die verfeindeten Räubersippen zu versöhnen? </marc:subfield>
   </marc:datafield>
   <marc:datafield ind1="3" ind2=" " tag="024">
      <marc:subfield code="a">4321961439</marc:subfield>
   </marc:datafield>
   <marc:datafield ind1=" " ind2=" " tag="041">
      <marc:subfield code="a">ger</marc:subfield>
   </marc:datafield>
   <marc:datafield ind1="1" ind2=" " tag="521">
      <marc:subfield code="a">6</marc:subfield>
   </marc:datafield>
   <marc:datafield ind1=" " ind2=" " tag="306">
      <marc:subfield code="a">02:01:00</marc:subfield>
   </marc:datafield>
   <marc:datafield ind1=" " ind2=" " tag="300">
      <marc:subfield code="a">1 CD</marc:subfield>
   </marc:datafield>
</marc:record>
